The Integration of Blockchain Technology with Arbitration Mechanisms: (Record no. 615631)
[ view plain ]
| 000 -LEADER | |
|---|---|
| fixed length control field | 00535nam a22001337a 4500 |
| 082 ## - DEWEY DECIMAL CLASSIFICATION NUMBER | |
| Classification number | 340 |
| Author Mark | SHE |
| 100 ## - MAIN ENTRY--PERSONAL NAME | |
| Personal name | Shehryar, Muhammad Ayaan & Anwar, Areej |
| 245 ## - TITLE STATEMENT | |
| Title | The Integration of Blockchain Technology with Arbitration Mechanisms: |
| Remainder of title | Its Efficacy and Implementation in International Arbitration / |
| Statement of responsibility, etc. | Muhammad Ayaan Shehryar & Areej Anwar |
| 260 ## - PUBLICATION, DISTRIBUTION, ETC. | |
| Place of publication, distribution, etc. | Islamabad : |
| Name of publisher, distributor, etc. | NUST Law School, |
| Date of publication, distribution, etc. | 2025. |
| 300 ## - PHYSICAL DESCRIPTION | |
| Extent | 63 p. ; |
| Dimensions | 30 CM. |
| 563 ## - BINDING INFORMATION | |
| Binding note | HBK. |
| 856 ## - Uniform Resource Identifier | |
| Uniform Resource Identifier | <a href="http://10.250.8.41:8080/xmlui/handle/123456789/56160">http://10.250.8.41:8080/xmlui/handle/123456789/56160</a> |
| 942 ## - ADDED ENTRY ELEMENTS (KOHA) | |
| Source of classification or shelving scheme | |
| Koha item type | Project Report |
| Withdrawn status | Lost status | Source of classification or shelving scheme | Damaged status | Not for loan | Permanent Location | Current Location | Date acquired | Total Checkouts | Full call number | Barcode | Date last seen | Price effective from | Koha item type |
|---|---|---|---|---|---|---|---|---|---|---|---|---|---|
| NUST Law School (NLS) | NUST Law School (NLS) | 12/18/2025 | 340 SHE | NLSP-19 | 12/18/2025 | 12/18/2025 | Project Report |
